NRJ Music Awards 2025 - Les gagnants - Statistiques

Statistiques générales
  • Ce quiz a été pris 94 fois
  • Le résultat moyen est 9 sur 18
Statistiques - réponses
Hint Réponse % Correct
Artiste féminine francophone Helena
84%
Révélation féminine francophone Marine
83%
Artiste masculin francophone Pierre Garnier
81%
Révélation masculine francophone Julien Lieb
74%
Artiste masculin international Ed Sheeran
73%
DJ de l'année David Guetta
70%
Concert de l'année Gims
68%
Award d'honneur (chanteur francophone) Gims
68%
Artiste féminine internationale Lady Gaga
57%
Award d'honneur (dj) DJ Snake
55%
Chanson francophone Mauvais garçon (Helena)
52%
Collaboration francophone A tes côtés (Lénie & Jungeli)
39%
Award d'honneur (chanteuse francophone) Vanessa Paradis
31%
Hit internationale Azizam (Ed Sheeran)
27%
Collaboration internationale APT (Rosé & Bruno Mars
21%
Social hit Golden (Kpop Demon Hunters - David Guetta Remix)
14%
Award d'honneur (chanteur international) Eros Ramazzotti
12%
Révélation internationale Alex Wareen
4%
Aucun quiz correspondant
Distribution des résultats
% des personnes avec chaque résultat
Percentile par nombre de réponses
Votre historique - résultats
Vous n’avez pas pris ce quiz